LEADER 00741naa a2200145 i 4500 001 000000302735 003 CaOOAMICUS 005 20180831172746.0 008 180831n xx u000 u und u 013 $a10469 040 $aSeMil$bita 100 1 $aCorrain, Cleto <1921-2007>.$0(OLS)http://semarc/name/86400 245 13$aLa cosiddetta «Chiesa dei Corpi Santi» in Lendinara (Rovigo) 773 0 $aCentro studi e ricerche sulla antica provincia ecclesiastica ravennate$tAtti del convegno di Comacchio.$dCesena : Badia di Santa Maria del Monte, 1986.$kRavennatensia / Centro studi e ricerche sulla antica provincia ecclesiastica ravennate$w()36482 996 $6245$aLa cosiddetta «Chiesa dei Corpi Santi» in Lendinara (Rovigo)$9(OLS)http://semarc/title/378703 LEADER 00996nam a2200205 i 4500 001 000000027936 003 CaOOAMICUS 005 20230111145549.0 008 180830s1620 fr u000 u lat u 040 $aSeMil$bita 100 1 $aVázquez, Gabriel,$c.$0(OLS)http://semarc/name/12732 245 10$aGabrielis Vazquez Opera. 260 $aLugduni :$bSumptibus Ioannis Pillehotte, sub signo nominis Iesu,$c1620. 300 $a3 v. ;$cfol. 700 1 $aPillehotte, Jean .$0(OLS)http://semarc/name/12734 700 1 $aPillehotte, Antoine,$c.$0(OLS)http://semarc/name/12733 774 0 $aVázquez, Gabriel $tCommentariorum, ac disputationum in tertiam partem sancti Thomae. Tomus 1. ... [-3.].$dLugduni : Sumptibus Horatij Cardon, 1620.$w()27937 996 $6245$aGabrielis Vazquez Opera$9(OLS)http://semarc/title/37871 996 $6260$aLugduni :$bSumptibus Ioannis Pillehotte, sub signo nominis Iesu$9(OLS)http://semarc/publisher/37532